LEADER 01326nam a2200289 4500 001 000000340025 003 CaOOAMICUS 005 20200710115800.0 008 200331s1994 fr a 000 u fre r 020 $a2-7118-2820-4 040 $aSeMil$bita 245 10$aImpressionisme :$bles origines, 1859-1869 /$cpar Henri Loyrette et Gary Tinterow. 264 1$aParis :$bRéunion des Musées Nationaux,$c1994. 300 $aXVI, 476 p. :$bill. ;$c32 cm 500 $aIn testa al front.: Paris, Galeries nationales du Grand Palais, 19 avril-8 août 1994. New York, The Metropolitan Museum of Art, 19 septembre 1994-8 janvier 1995 505 0 $aCatalogo delle mostre 541 0 $aFondo mons. Pasquale Macchi 650 4$aImpressionismo - Storia.$0(OLS)http://semarc/subject/21954 700 1 $aLoyrette, Henri.$0(OLS)http://semarc/name/111274 700 1 $aTinterow, Gary.$0(OLS)http://semarc/name/111275 850 $aSeMil 852 $aSeMil$W1$xVenegono$y1$m5N IX 85$j219881$B231180$CSeMilBibl$Z2$F231180 $8I 941 1 $a9 996 $6020$a2-7118-2820-4$9(OLS)http://semarc/number/290254 996 $6245$aImpressionisme :$bles origines, 1859-1869$9(OLS)http://semarc/title/428944 996 $6264$aParis :$bRéunion des Musées Nationaux$9(OLS)http://semarc/publisher/58955 LEADER 01095nam a2200241 i 4500 001 000000064776 003 CaOOAMICUS 005 20220505092537.0 008 131016s1971 fr u000 u fre u 013 $a35948 040 $aSeMil$bita 100 1 $aLemaire, André,$d<1942- >.$0(OLS)http://semarc/name/15955 245 14$aLes ministères aux origines de l'Église :$bnaissance de la triple hiérarchie : évêques, presbytres, diacres /$cAndré Lemaire. 260 $aParis :$bLes Éditions du Cerf,$c1971. 300 $a249 p. ;$c22 cm. 490 1 $aLectio divina ;$v68 650 4$aOrdine (Sacramento).$0(OLS)http://semarc/subject/4458 830 0$aLectio divina ;$v68.$0(OLS)http://semarc/title/8 850 $aSeMil 852 $aSeMil$W1$xVenegono$y1$m2WA K 68$j30929$B30929$CSeMilBibl$Z2$F30932 $81 996 $6245$aLes ministères aux origines de l'Église :$bnaissance de la triple hiérarchie : évêques, presbytres, diacres$9(OLS)http://semarc/title/102672 996 $6260$aParis :$bLes Éditions du Cerf$9(OLS)http://semarc/publisher/29611